000 00537nam a2200157Ia 4500
008 210716s2003 xx 000 0 und d
020 _a70582335
041 _aeng
082 _a005.1331 COHJ
100 _aCohoon, James P; Davidson, Jack W.
245 _aC++ program design: an introduction to programming and object oriented design.
_bIntroduction to programming and object oriented design.
250 _a3
260 _aNew Delhi
_bTata McGraw Hill Publishing Company Ltd
_c2003
300 _axxviii,946
650 _aC++ Progamming
999 _c186100
_d186100